| 000 | 00509nam a22001577a 4500 | ||
|---|---|---|---|
| 008 | 150601b xxu||||| |||| 00| 0 eng d | ||
| 020 | _a0387138374 | ||
| 041 | 0 | _aeng | |
| 080 | _a681.5 | ||
| 100 | 1 | _aHollingum, Jack. | |
| 245 | 1 | 0 |
_aMachine vision : _cby Jack Hollingum. |
| 260 |
_aBedford [Bedfordshire] : _bIFS (Publications) ; _c1984. |
||
| 300 |
_a113 f. : _bme il. ; _c21 cm. |
||
| 650 | 0 |
_aProcesimi i imazheve _xTeknikat digjitale |
|
| 942 |
_2udc _cBK |
||
| 999 |
_c945 _d945 |
||